000 00564cam a2200205 a 4500
001 4866248
005 20231128021436.0
008 911226s1991 pk a b 000 0 eng
040 _aDLC
_cDLC
_dDLC
082 _222
_a305.4
245 0 0 _aFinding our way :
_breadings on women in Pakistan /
_cedited by Fareeha Zafar.
260 _aLahore, Pakistan :
_bASR Publications,
_c1991.
300 _axxi, 335 p. :
500 _aEnglish and Urdu.
650 0 _aFeminism
650 0 _aWomen in development
650 0 _aWomen
700 1 _aZafar, Fareeha.
_eedt
942 _cL
999 _c98
_d98